Исследование разложения ароматических диазониевых солей в присутствии нанокатализаторов; Материалы II Международной Казахстанско-Российской конференции по химии и химической технологии, посвященной 40-летию КарГУ имени академика Е. А. Букетова, 28 февраля – 2 марта 2012 г., Караганда; Т. 1
| Parent link: | Материалы II Международной Казахстанско-Российской конференции по химии и химической технологии, посвященной 40-летию КарГУ имени академика Е. А. Букетова, 28 февраля – 2 марта 2012 г., Караганда: в 2 т./ Карагандинский государственный университет ; Национальный исследовательский Томский политехнический университет (ТПУ) ; Институт химических наук им. А. Б. Бектурова.— , 2012 Т. 1.— 2012.— [С. 421-423] |
|---|---|
| Autor Principal: | |
| Outros autores: | , |
| Summary: | Заглавие с титульного листа Электронная версия печатной публикации |
| Idioma: | ruso |
| Publicado: |
2012
|
| Series: | Секция 2. Химия и химическая технология органических веществ и материалов |
| Subjects: | |
| Acceso en liña: | http://www.lib.tpu.ru/fulltext/v/Conferences/2011/C7/C7a8.pdf |
| Formato: | Electrónico Capítulo de libro |
| KOHA link: | https://koha.lib.tpu.ru/cgi-bin/koha/opac-detail.pl?biblionumber=217646 |
MARC
| LEADER | 00000naa2a2200000 4500 | ||
|---|---|---|---|
| 001 | 217646 | ||
| 005 | 20260126134511.0 | ||
| 035 | |a (RuTPU)RU\TPU\book\237647 | ||
| 035 | |a RU\TPU\book\237646 | ||
| 090 | |a 217646 | ||
| 100 | |a 20120607d2012 k y0rusy50 ca | ||
| 101 | 0 | |a rus | |
| 102 | |a KZ | ||
| 135 | |a drnn ---uucaa | ||
| 181 | 0 | |a i | |
| 182 | 0 | |a b | |
| 200 | 1 | |a Исследование разложения ароматических диазониевых солей в присутствии нанокатализаторов |f М. А. Морозова, М. Е. Трусова, П. С. Постников | |
| 203 | |a Текст |c электронный | ||
| 215 | |a 1 файл (167 Кб) | ||
| 225 | 1 | |a Секция 2. Химия и химическая технология органических веществ и материалов | |
| 300 | |a Заглавие с титульного листа | ||
| 300 | |a Электронная версия печатной публикации | ||
| 320 | |a [Библиогр.: с. 423 (3 назв.)] | ||
| 337 | |a Adobe Reader | ||
| 461 | 1 | |0 (RuTPU)RU\TPU\book\237375 |t Материалы II Международной Казахстанско-Российской конференции по химии и химической технологии, посвященной 40-летию КарГУ имени академика Е. А. Букетова, 28 февраля – 2 марта 2012 г., Караганда |o в 2 т. |f Карагандинский государственный университет ; Национальный исследовательский Томский политехнический университет (ТПУ) ; Институт химических наук им. А. Б. Бектурова |d 2012 | |
| 463 | 1 | |0 (RuTPU)RU\TPU\book\237397 |t Т. 1 |v [С. 421-423] |d 2012 | |
| 610 | 1 | |a диазониевые соли | |
| 610 | 1 | |a ароматические соли | |
| 610 | 1 | |a разложение | |
| 610 | 1 | |a исследование | |
| 610 | 1 | |a нанокатализаторы | |
| 610 | 1 | |a труды учёных ТПУ | |
| 610 | 1 | |a электронный ресурс | |
| 700 | 1 | |a Морозова |b М. А. |c химик-органик |c инженер Томского политехнического университета |f 1988- |g Мария Александровна |3 (RuTPU)RU\TPU\pers\29584 | |
| 701 | 1 | |a Трусова |b М. Е. |c химик-органик |c доцент Томского политехнического университета, кандидат химических наук |f 1982- |g Марина Евгеньевна |3 (RuTPU)RU\TPU\pers\27927 |9 12930 | |
| 701 | 1 | |a Постников |b П. С. |c химик-органик |c доцент Томского политехнического университета, кандидат химических наук |f 1984- |g Павел Сергеевич |3 (RuTPU)RU\TPU\pers\27922 |9 12925 | |
| 801 | 1 | |a RU |b 63413507 |c 20120118 | |
| 801 | 2 | |a RU |b 63413507 |c 20130219 |g RCR | |
| 850 | |a 63413507 | ||
| 856 | 4 | |u http://www.lib.tpu.ru/fulltext/v/Conferences/2011/C7/C7a8.pdf | |
| 942 | |c CF | ||